Le top 30 des films au box office français - Statistiques

Statistiques générales
  • Ce quiz a été pris 1 329 fois
  • Le résultat moyen est 7 sur 30
Statistiques - réponses
Hint Réponse % Correct
3 Intouchables
73%
2 Bienvenue chez les Ch'tis
70%
1 Titanic
67%
8 Avatar
60%
5 La Grande Vadrouille
55%
27 Star Wars épisode VII : le Retour de la Force
40%
25 Les Bronzés 3 : Amis pour la Vie
39%
14 Les Visiteurs
34%
11 Astérix et Obélix : Mission Cléopâtre
33%
19 Qu'est ce qu'on a fait au Bon Dieu
33%
23 Le Roi Lion
26%
21 Le Corniaud
23%
26 Taxi 2
19%
6 Autant en emporte le Vent
11%
4 Blanche-Neige et les sept nains
11%
16 Cendrillon
11%
9 Le Livre de la Jungle
8%
10 Les 101 Dalmatiens
8%
24 Bambi
6%
13 Ben Hur
6%
17 Le Petit Monde de Don Camillo
6%
18 Les Aristochats
6%
7 Il était une fois dans l'Ouest
5%
22 La Belle et le Clochard
5%
20 Le Jour le plus Long
4%
30 Les Misérables
4%
15 Le Pont de la Rivière Kwaï
3%
12 Les Dix Commandements
3%
28 Trois Hommes et un Couffin
3%
29 Les Canons de Navarone
1%
Aucun quiz correspondant
Distribution des résultats
% des personnes avec chaque résultat
Percentile par nombre de réponses
Votre historique - résultats
Vous n’avez pas pris ce quiz